| 000 | 00000nam##2200000za#4500 |
| 001 | 9.603804 |
| 003 | CaOODSP |
| 005 | 20241210082326 |
| 007 | cr ||||||||||| |
| 008 | 150406|2003||||xxc|||||o f|0| 0 fre|d |
| 022 | |a1701-9419 |
| 040 | |aCaOODSP|bfre |
| 043 | |an-cn--- |
| 086 | 1 |aFB3-2/103-40F-PDF |
| 110 | 2 |aBanque du Canada. |
| 245 | 10|aPoignée de main invisible et persistance des cycles économiques : |h[ressource électronique]|bune revue de la littérature / |c[par] Christian Calmès. |
| 260 | |aOttawa - Ontario : |bBanque du Canada |cDécembre 2003. |
| 300 | |a31p. |
| 490 | 1 |aBanque du Canada - document de travail|x1701-9419|v2003-40 |
| 500 | |aL'ISSN (1192-5434) de l'édition imprimée a été incorrectement copié dans la version électronique. |
| 504 | |aBibliographie. |
| 546 | |aAbstract in English. |
| 590 | |a12-32-Supp|b2012-07-11 |
| 720 | 1 |aCalmès, Christian |
| 776 | 0#|tPoignée de main invisible et persistance des cycles économiques : |w(CaOODSP)9.626455 |
| 830 | #0|aDocument de travail (Banque du Canada)|x1701-9419|v2003-40|w(CaOODSP)9.501087 |
| 856 | 40|ahttp://publications.gc.ca|qPDF|s233 Ko|uhttps://publications.gc.ca/collections/collection_2012/banque-bank-canada/FB3-2-103-40-fra.pdf|y2003-40 |